| 000 | 00527cam a2200205ua 4500 | ||
|---|---|---|---|
| 020 | _c22.50 | ||
| 041 |
_aeng _h |
||
| 082 |
_a621.3 _bGUP/EL |
||
| 100 | _aGupta, R R . | ||
| 245 |
_aElectrical engineering: Objective type multiple choice questions and answers / _cR R Gupta. _hTextual Documents |
||
| 250 |
_a1 / _b. |
||
| 260 |
_aDelhi : _bKhanna publishers , _c1992. |
||
| 300 | _a310 ; . | ||
| 365 | _a22.50 | ||
| 500 | _a*CSS | ||
| 504 | _a | ||
| 942 | _cBK | ||
| 999 |
_c10359 _d10359 |
||